|
|
|
|
| LEADER |
00000nab a2200000 a 4500 |
| 001 |
vtls010201123 |
| 003 |
SK-MaSNL |
| 005 |
20260304160053.0 |
| 008 |
250507c2010 xo ||||||||||||00 b|slo |
| 015 |
|
|
|a SNBRB2011/01
|2 snkbucl
|
| 035 |
|
|
|a (uuid)d3d3c275-09a9-4ca5-8a51-4997dd2ffaab
|
| 035 |
|
|
|a urn:nbn:sk:snk-abeuzc
|
| 035 |
|
|
|a (urnnbn)urn:nbn:sk:snk:ar-000j7j
|
| 038 |
|
|
|a SNKBUCL
|
| 040 |
|
|
|a SNKBUCL
|b slo
|c SNKBUCL
|e AACR2
|
| 041 |
0 |
|
|a slo
|
| 044 |
|
|
|a xo
|c SK
|
| 080 |
|
|
|a 75.071.1
|2 2001
|
| 100 |
1 |
|
|a Hološka, Ľudovít,
|d 1943-
|4 aut
|9 105345
|
| 245 |
1 |
0 |
|a Juraj Jaroš
|c Ľudovít Hološka
|
| 600 |
1 |
7 |
|a Jaroš, Juraj
|2 snkbucl
|9 1482486
|
| 650 |
0 |
7 |
|a maliarska tvorba
|2 snkbucl
|9 688240
|
| 655 |
|
7 |
|a úvahy
|2 snkbucl
|9 29403
|
| 773 |
0 |
|
|t Slovenské pohľady
|g Roč. IV.+126., č. 11 (2010), s. 2 obál.
|x 1335-7786
|
| 850 |
|
|
|a Slovenská národná knižnica
|
| 852 |
|
|
|a Slovenská národná knižnica
|
| 958 |
|
|
|a article27
|
| 958 |
|
|
|a OND
|
| 958 |
|
|
|a EUIPO
|
| 999 |
|
|
|c 2965340
|d 2967270
|